| 000 | 00352nam a2200133Ia 4500 | ||
|---|---|---|---|
| 008 | 240624s9999 xx 000 0 und d | ||
| 041 | _aeng | ||
| 082 | _a658.4092 DEF | ||
| 100 | _aDEFEO JOSEPH | ||
| 245 | _aJURAN S QUALITY ESSENTIALS FOR LEADERS | ||
| 260 |
_c2014 _aNew Delhi _bTata McGraw - Hill |
||
| 300 | _a280 : p. : cm. ; 24 | ||
| 365 |
_cRS _b33 |
||
| 999 |
_c26223 _d26223 |
||